[Event "SEMI Kings Indian Class theme"]
[Site "SEMI email"]
[Date "1999.??.??"]
[Round "?"]
[White "Marcello, Sergio"]
[Black "Sakellarakis, Dimitrios"]
[Result "1/2-1/2"]
[WhiteElo "1000"]
[BlackElo "1000"]
[PlyCount "60"]
[EventDate "1999.01.??"]
[EventType "tourn (corr)"]
[EventRounds "9"]
[EventCountry "ITA"]
[SourceTitle "Corr 2008"]
[Source "ChessBase"]
[SourceDate "2008.06.24"]
[SourceVersion "1"]
[SourceVersionDate "2008.06.24"]
[SourceQuality "1"]

1. d4 Nf6 2. c4 g6 3. Nc3 Bg7 4. e4 d6 5. Nf3 0-0 6. Be2 e5 7. 0-0 Nc6 8. d5 Ne7 9. b4 Nh5 10. a4 f5 11. Ng5 Nf4 12. Bxf4 exf4 13. Rc1 a5 14. b5 h6 15. Ne6 Bxe6 16. dxe6 c6 17. exf5 Nxf5 18. Bg4 Qe7 19. Re1 Rae8 20. bxc6 bxc6 21. Qf3 Nd4 22. Qe4 Qg5 23. f3 Nb3 24. Rc2 Qc5+ 25. Kh1 Nd4 26. Rcc1 Nf5 27. Ne2 g5 28. Bh5 Re7 29. g3 fxg3 30. Nxg3 Nd4 1/2-1/2